| 000 | 01044nam a22002657a 4500 | ||
|---|---|---|---|
| 005 | 20141110165706.0 | ||
| 008 | 141110b2012 ck ||||| |||| 00| 0 spa d | ||
| 041 | _aspa | ||
| 044 | _ack | ||
| 082 | 0 | 4 |
_a338.98 _bE18h |
| 100 | 1 |
_aEcheverri-Restrepo, Alejandro _928537 |
|
| 245 | 1 | 0 |
_aRe habitar la ladera / _bAlejandro Echeverri ... [et al] |
| 246 | _aShifting ground | ||
| 260 |
_aMedellín : _bUniversidad Eafit, Centro de Estudios Urbanos y Ambientales, _bHarvard University, Harvard Design School, Social Agency Lab, _c2012. |
||
| 300 |
_a127 p. _c28 cm. |
||
| 504 | _aIncluye referencias bibliográficas (pag. 126-127) | ||
| 650 | 6 |
_aOrdenamiento territorial _zMedellín (Colombia) _vinvestigaciones _928538 |
|
| 650 | 6 |
_aAsentamientos urbanos _vinvestigaciones _928539 |
|
| 650 | 4 |
_aPlaneación Municipal _zMedellín (Colombia) _928540 |
|
| 700 | 1 |
_aVélez-Villa, Ana Elvira _928541 |
|
| 700 | 1 |
_aWark-Laret, Maya _928542 |
|
| 700 | 1 |
_aOrbea-Cevallos, Santiago _928543 |
|
| 700 | 1 |
_aWerthmann, Christian _928544 |
|
| 942 |
_2ddc _cLIBRO |
||
| 999 |
_c8779 _d8779 |
||